Microsoft Internet Explorer 5 : Thực hành và ứng dụng /
Với Microsoft Internet Explorer 5 Thực hành và ứng dụng bạn đang có trong tay một công cụ học Internert Explorer 5 nhanh, dễ hiểu, hiệu quả nhất để tự tìm hiểu cách dùng bộ duyệt Internet phổ biến nhất hiện nay.
Na minha lista:
| Autor principal: | |
|---|---|
| Outros Autores: | , |
| Formato: | Livro |
| Idioma: | Vietnamese |
| Publicado em: |
Hà Nội :
Giáo dục,
1999.
|
| Assuntos: | |
| Tags: |
Adicionar Tag
Sem tags, seja o primeiro a adicionar uma tag!
|
| Thư viện lưu trữ: | Mạng thư viện Đại học Đà Nẵng |
|---|
| LEADER | 01297cam a2200373 i 4500 | ||
|---|---|---|---|
| 001 | 000043038 | ||
| 003 | 913 | ||
| 005 | 20030916092539.0 | ||
| 008 | 010217b1999 vm 000 vie | ||
| 020 | |c 32000 | ||
| 040 | |a IRC |c IRC |d IRC | ||
| 041 | 0 | |a vie | |
| 082 | 1 | 4 | |a 004.678 |b NG-T |
| 100 | 1 | |a Nguyễn Tiến. | |
| 245 | 0 | 0 | |a Microsoft Internet Explorer 5 : |b Thực hành và ứng dụng / |c Nguyễn Tiến, Đặng Xuân Hường, Trương Cẩm Hồng. |
| 260 | |a Hà Nội : |b Giáo dục, |c 1999. | ||
| 300 | |a 381tr. ; |c 20,5cm. | ||
| 520 | 3 | |a Với Microsoft Internet Explorer 5 Thực hành và ứng dụng bạn đang có trong tay một công cụ học Internert Explorer 5 nhanh, dễ hiểu, hiệu quả nhất để tự tìm hiểu cách dùng bộ duyệt Internet phổ biến nhất hiện nay. | |
| 630 | 0 | 4 | |a Tin học. |
| 630 | 0 | 4 | |a Internet Explorer. |
| 630 | 0 | 4 | |a Computer network. |
| 650 | 0 | 4 | |a Microsoft Internet Explorer (Mạng máy tính) |
| 700 | 1 | |a Trương Cẩm Hồng. | |
| 700 | 1 | |a Đặng Xuân Hường. | |
| OWN | |a DUT | ||
| 999 | |a From the UDN01 | ||
| TYP | |a Monograph | ||
| TYP | |a Printed language | ||
| 980 | |a Mạng thư viện Đại học Đà Nẵng | ||